000 01010nam a2200265Ia 4500
003 OSt
005 20220930204357.0
006 a|||||r|||| 00| 0
007 ta
008 220926b |||||||| |||| 00| 0 hin d
024 _a10375
037 _cDissertations
040 _aCRL
_cCRL
_bhin
041 _2hin
_ahin
100 _aशिखा, ले.
_9159534
110 _aदिल्ली विश्वविद्यालय. कला संकाय. हिन्दी विभाग
245 0 _a‘ कसप ’ में अभिव्यक्त रोमान और यथार्थ
246 _aṢh kasap ṣh mean abhivyakta romān aur yathārtha
260 _c2012
300 _a90पृ0
_ccm.
650 _aहिन्दी साहित्य
700 _aदिल्ली विश्वविद्यालय. कला संकाय. हिन्दी विभाग
942 _cDIS
_2CC
999 _c905951
_d905951